|
|
|
|
| LEADER |
00000nam0a2200000 4500 |
| 001 |
256612 |
| 005 |
20231101233130.0 |
| 035 |
|
|
|a (RuTPU)RU\TPU\book\279329
|
| 090 |
|
|
|a 256612
|
| 100 |
|
|
|a 20140410d1987 k y0rusy50 ca
|
| 101 |
0 |
|
|a rus
|
| 102 |
|
|
|a RU
|
| 105 |
|
|
|a a z 001zy
|
| 200 |
1 |
|
|a Проблемы защиты металлов от коррозии
|e межвузовский сборник
|f Казанский химико-технологический институт им. С. М. Кирова (КХТИ) ; под ред. Н. В. Гудина
|
| 210 |
|
|
|a Казань
|c Изд-во КХТИ
|d 1987
|
| 215 |
|
|
|a 168 с.
|c ил.
|
| 320 |
|
|
|a Библиогр. в конце ст.
|
| 606 |
1 |
|
|a Металлы
|x Защита от коррозии
|2 stltpush
|3 (RuTPU)RU\TPU\subj\43054
|9 62641
|
| 610 |
1 |
|
|a электрохимическая защита
|
| 610 |
1 |
|
|a гальванические покрытия
|
| 610 |
1 |
|
|a ингибиторы
|
| 610 |
1 |
|
|a коррозионная стойкость
|
| 610 |
1 |
|
|a цинкование
|
| 675 |
|
|
|a 669:620.197
|v 3
|
| 702 |
|
1 |
|a Гудин
|b Н. В.
|4 340
|
| 712 |
0 |
2 |
|a Казанский химико-технологический институт им. С. М. Кирова (КХТИ)
|c (1935-1992)
|2 stltpush
|3 (RuTPU)RU\TPU\col\3704
|
| 801 |
|
1 |
|a RU
|b 63413507
|c 20140410
|
| 801 |
|
2 |
|a RU
|b 63413507
|c 20141209
|g RCR
|
| 942 |
|
|
|c BK
|